Loading...
Fine Arts - Other Fine Arts | 0 | 5 | 1 | 0 | 45 | 98 | 126.20 | 0 | 4 |
Philosophy | 0 | 4 | 1 | 1 | 35 | 111 | 120.25 | 0 | 2 |
History - European History | 1 | 2 | 0 | 0 | 35 | 58 | 77.67 | 0 | 2 |
Fine Arts - Visual Fine Arts | 1 | 1 | 1 | 0 | 20 | 57 | 71.00 | 1 | 2 |
Science - Chemistry | 0 | 2 | 0 | 1 | 20 | 111 | 122.00 | 0 | 2 |
Science - Biology | 0 | 2 | 0 | 0 | 20 | 69 | 71.00 | 1 | 2 |
Current Events | 1 | 0 | 0 | 0 | 15 | 58 | 58.00 | 0 | 1 |
History - American History | 0 | 2 | 1 | 0 | 15 | 91 | 96.00 | 0 | 2 |
Social Science | 0 | 1 | 0 | 0 | 10 | 104 | 104.00 | 0 | 0 |
Geography | 0 | 1 | 0 | 1 | 10 | 127 | 127.00 | 0 | 0 |
History - World History | 0 | 2 | 2 | 0 | 10 | 100 | 107.50 | 0 | 0 |
Literature - European Literature | 0 | 1 | 0 | 0 | 10 | 108 | 108.00 | 0 | 0 |
Mythology | 0 | 1 | 0 | 0 | 10 | 108 | 108.00 | 0 | 1 |
Other Academic | 0 | 1 | 0 | 0 | 10 | 80 | 80.00 | 0 | 1 |
Religion | 0 | 1 | 1 | 0 | 5 | 80 | 80.00 | 0 | 0 |
History - Other History | 0 | 0 | 0 | 0 | 0 | 0.00 | 0 | 0 | |
Pop Culture | 0 | 0 | 1 | 0 | -5 | 0.00 | 0 | 0 | |
Science - Physics | 0 | 0 | 1 | 0 | -5 | 0.00 | 0 | 0 |